000 00470nam a22001817a 4500
003 MPLRDC
005 20220104123735.0
008 210129b ||||| |||| 00| 0 eng d
020 _a7-110-00611-5
082 _a177.3 LX
100 _a利醒、田也乐编著
245 _a一分钟社交术
_c
250 _a一版四刷
260 _a
_b科学普及出版社广州分
_c1989
300 _b
650 _a应用心理学--人际关系
942 _cBK
_o177.3 LX
999 _c13816
_d13806